| 000 | 00495nam a22001937a 4500 | ||
|---|---|---|---|
| 003 | LK-CoDNM | ||
| 005 | 20250205152658.0 | ||
| 008 | 250205b |||||||| |||| 00| 0 eng d | ||
| 040 |
_aLK-CoDNM _dLK-CoDNM _eLK-CoDNM |
||
| 041 | _aeng | ||
| 080 | _a65 | ||
| 100 | _aMoncrieff, Alan | ||
| 110 | _aEvans, Philip | ||
| 245 | _aDiseases of Children - v edition, Volume ii | ||
| 260 |
_aLondon _bEdward Arnold & CO _c1953 |
||
| 300 | _a958p. : ill ; 23 cm | ||
| 650 | _aDiseases | ||
| 942 | _cBK | ||
| 999 |
_c237851 _d237851 |
||